Responses for Show #4378 - Wednesday, September 24, 2003

2003 Back to School Week game 3.
Game data retrieved from an alternate archive.

Contestants

[<< previous game]

Suzie Turnage, a twelve-year-old seventh-grader from Panama City, Florida

Raymond Singh, a twelve-year-old from Phoenix, Arizona

Cody Boutilier, a seventh-grader from Lake Forest, California

[next game >>]

Jeopardy! Round responses

AFRICAN AMERICANS
TRAVEL FUN
THE BODY HUMAN
COMIC STRIPS
HOW LONG?
PLURAL
    $200 1
the space shuttle

Raymond
    $200 21
Mexico

Raymond
    $200 10
the heart

Raymond
    $200 7
Peanuts

Raymond
    $200 8
the Mayflower

Cody
    $200 6
fish

Suzie
    $400 2
Arlington National Cemetery

Raymond
    $400 22
Kenya

Raymond
    $400 11
(Raymond: What is the elbow?)

the shoulder

RaymondSuzie
    $400 12
Garfield

Cody
    $400 18
an ice age

Raymond
    $400 9
mice

Raymond
    $600 3
the House of Representatives

Cody
    $600 23
Dollywood

Suzie
    $600 17
the pupil

Suzie
    $600 16
Marmaduke

Suzie
    $600 24
(Suzie: What is 13?)

26

Suzie
Triple Stumper
    $600 13
sisters-in-law

Cody
    $800 4
Colin Powell

Suzie
    $800 19
(Raymond: What is the fibia?)

fibula

Raymond
Triple Stumper
    $800 25
[The end-of-round signal sounds.]

Grimm

Triple Stumper
    $800 14
dwarves (dwarfs)

Cody
    $1000 5
an atomic bomb

Cody
    $1000 20
the pancreas

Raymond
    $1000 15
feet (or foot)

Suzie

Scores at the first commercial break (after clue 15):

Cody Raymond Suzie
$3,600 $1,000 $2,400

Scores at the end of the Jeopardy! Round:

Cody Raymond Suzie
$3,600 $2,200 $3,600

Double Jeopardy! Round responses

SCIENCE & NATURE
I GET THE MESSAGE
EARLY U.S.
WHAT'S ON TV TONIGHT?
BALLET
VOWELS
    $400 1
radiation

Raymond
    $400 15
Morse code

Cody
    $400 4
George Washington

Cody
    $400 10
Bart Simpson

Cody
    $400 8
Cinderella

Cody
    $400 9
e

Suzie
    $800 2
a flamingo

Raymond
    $800 17
Pig Latin

Cody
    $800 5
the Supreme Court

Cody
    $800 24
Nickelodeon

Cody
    $800 23
Billy the Kid

Cody
    $800 11
I

Cody
    $1200 3
the crest

Cody
    $1200 20
hieroglyphs

Raymond
    $1,000 6
(Cody: What is a battleship?)

a flag

Cody
    $1200 25
(Suzie: What is Small Town?)

Smallville

RaymondSuzie
    $1200 28
The Sorcerer's Apprentice

Triple Stumper
    $1200 12
u

Cody
    $1600 18
Mollusca

Raymond
    $1600 21
pigeons

Suzie
    $1600 7
St. Louis

Suzie
    $1600 26
Enterprise

Cody
    $1600 29
[The end-of-round signal sounds.]

The Nutcracker

Cody
    $1600 13
eau

Cody
    $3,000 19
(Raymond: What is nitrogen?)

oxygen

Raymond
    $2000 22
(Cody: What is sign language?)

American Sign Language

CodySuzie
    $2000 16
conductors

Suzie
    $2000 27
the WB

Suzie
    $2000 14
(Raymond: What are A & B?)

A & O

RaymondSuzie

Scores at the end of the Double Jeopardy! Round:

Cody Raymond Suzie
$13,400 $2,400 $14,000

[wagering suggestions for these scores]

Final Jeopardy! Round responses

CLASSIC STORIES
RaymondWhat is Pinocchio?
$1,000
CodyWhat is ?
$13,400
SuzieWhat is Pinocchio?
$1,500
Pinocchio

Final scores:

Cody Raymond Suzie
$0 $3,400 $15,500
3rd place: $1,000 + Classroom Jeopardy! + a $1,000 Dell Computer gift certificate 2nd place: $2,000 + Classroom Jeopardy! + a $1,000 Dell Computer gift certificate Winner: $15,500 + Classroom Jeopardy! + a $1,000 Dell Computer gift certificate

Game dynamics:

Coryat scores:

Cody Raymond Suzie
$14,400 $5,400 $14,000
20 R,
2 W
(including 1 DD)
14 R,
4 W
(including 1 DD)
14 R
(including 1 DD),
2 W

Combined Coryat: $33,800

[game] [game scores] [suggest correction]

Game tape date: 2003-08-26
The J! Archive is created by fans, for fans. Scraping, republication, monetization, and malicious use prohibited; this site may use cookies and collect identifying information. See terms. The Jeopardy! game show and all elements thereof, including but not limited to copyright and trademark thereto, are the property of Jeopardy Productions, Inc. and are protected under law. This website is not affiliated with, sponsored by, or operated by Jeopardy Productions, Inc. Join the discussion at JBoard.tv.